Responses for show #6850 - Friday, May 30, 2014

Julia Collins game 20.

Contestants

Wendy Hardenberg, a university librarian from New Haven, Connecticut

Sami Siegelbaum, a professor of art history from Chicago, Illinois

Julia Collins, a supply chain professional from Kenilworth, Illinois (whose 19-day cash winnings total $410,000)

Jeopardy! Round responses

THE ANIMAL IN THE LOGO
POKER
TALK CLEANLY TO ME
SINGLE-NAMED SINGERS' HITS
THE ROARING '20s
THE RODIN MUSEUM
    $200 12
a bird

Wendy
    $200 26
a full house

Sami
    $200 21
pure

Sami
    $200 4
Madonna

Julia
    $200 11
Paris

Wendy
    $200 1
The Divine Comedy (The Inferno accepted)

Sami
    $400 13
a panda

Julia
    $400 27
(Julia: What is hold?)
[Alex knocks twice on his lectern as he gives the correct response.]

saying "check"

Julia
Triple Stumper
    $400 22
neat

Julia
    $400 5
Prince

Julia
    $400 17
Time

Julia
    $400 2
The Kiss

Sami
    $600 14
a butterfly

Julia
    $600 28
the Unabomber

Wendy
    $600 23
(Alex: Reception made by Franco Harris of the Pittsburgh Steelers, the [*] reception.)

immaculate

Triple Stumper
    $600 6
Shakira

Julia
    $600 18
(Alex: Great silent film
called [*].)

Wings

Triple Stumper
    $600 3
Bronze

Julia
    $800 15
(Sami: What is a butterfly?)

a kangaroo

JuliaSami
    $800 29
the river

Sami
    $800 24
tidy

Julia
    $800 7
Sting

Sami
    $800 19
Show Boat

Julia
    $800 8
The Burghers of Calais

Sami
    $1000 16
a swan

Julia
    $1000 30
a banker

Julia
    $1000 25
(Alex: That's it, and you're back on the plus side with a minute to go.)

a wipe

Wendy
    $1000 10
Everlast

Sami
    $1,800 20
(Julia: What is Cuba?)
(Alex: No. What is [*]? Where the Sandinistas held sway for a while.)

Nicaragua

Julia
    $1000 9
(Wendy: Who is Athena?)

Minerva

JuliaWendy

Scores at the first commercial break (after clue 15):

Julia Sami Wendy
$4,600 $2,400 -$600

Scores at the end of the Jeopardy! Round:

Julia Sami Wendy
$6,800 $3,600 $1,000

Double Jeopardy! Round responses

A REAL MAC DADDY
POETIC LINES
(Alex: Next, we'll give you the [*], you identify the poem for us.)
THE 28 COUNTRIES OF NATO
DESCRIBING THE TV CAST
TWO OF A KIND
WHAT A "CO"-INCIDENCE
(Alex: Each correct response will end in those two letters--"C-O".)
    $400 22
(Douglas) MacArthur

Sami
    $400 18
(Sami: What is Hiawatha?)
(Alex: Be more specific.)
(Sami: What is [*]?)
(Alex: That's it. That's the title.)

"The Song of Hiawatha"

Sami
    $400 8
(Wendy: What is Germany?)

the United States

SamiWendy
    $400 3
Modern Family

Wendy
    $400 10
(Sami: What is Mars?)

Venus

SamiWendy
    $400 1
(Sami: What is concrete?)
...
(Alex: Yes, each correct response will end in "C-O".)

stucco

SamiWendy
    $800 23
(Alexander) MacKenzie

Sami
    $2,400 26
(Alex: [Before Julia's wager] Less than a minute to go, now.)
...
(Alex: Julia?)
(Julia: I don't know. [Laughs])
(Alex: Mighty Casey has struck out. [*].)

"Casey at the Bat"

Julia
    $800 9
Albania

Wendy
    $800 7
2 Broke Girls

Sami
    $800 11
Bush

Julia
    $800 2
a fiasco

Julia
    $1200 24
Rob Roy

Julia
    $1200 19
(Alex: It's outside of Brussels in [*].)

Belgium

Triple Stumper
    $1200 15
Orange Is the New Black

Wendy
    $1200 12
(Wendy: Who are Anne Landers & Dear Abby... or Abigail Van Buren and...)
(Alex: You got 'em.)
(Wendy: [Laughs] Okay.)
(Alex: You got three of them for just two people.)

Anne Landers & Abigail Van Buren

Wendy
    $1200 4
zydeco

Julia
    $1600 25
[Alex reads "PM" as "Prime Minister".]

Harold MacMillan

Triple Stumper
    $1600 27
(Julie: What is The Rime of the Ancient Mariner?)

"Ode to a Nightingale"

Julia
Triple Stumper
    $1600 20
Iceland & the United Kingdom

Triple Stumper
    $1600 16
The Americans

Julia
    $1600 13
"The Fall of the House of Usher"

Julia
    $1600 5
a portico

Julia
    $2000 28
[The end-of-round signal sounds.]

"The Love Song of J. Alfred Prufrock"

Wendy
    $2,500 21
Turkey

Sami
    $2000 17
Hell on Wheels

Triple Stumper
    $2000 14
twin beds

Wendy
    $2000 6
the guanaco

Triple Stumper

Scores at the end of the Double Jeopardy! Round:

Julia Sami Wendy
$11,600 $8,100 $9,000

[wagering suggestions for these scores]

Final Jeopardy! Round responses

19th CENTURY POLITICS
(Alex: You're now a 20-game winner, in second place, $428,100!)
SamiWhat is Te
$7,000
WendyWhat is Tennessee?
$7,201
JuliaWhat is Tennessee?
$6,500
Tennessee

Final scores:

Julia Sami Wendy
$18,100 $1,100 $16,201
20-day champion: $428,100 3rd place: $1,000 2nd place: $2,000

Game dynamics:

Coryat scores:

Julia Sami Wendy
$15,800 $7,600 $9,000
21 R,
4 W
(including 2 DDs)
14 R
(including 1 DD),
3 W
12 R,
2 W

Combined Coryat: $32,400

The J! Archive is created by fans, for fans. The Jeopardy! game show and all elements thereof, including but not limited to copyright and trademark thereto, are the property of Jeopardy Productions, Inc. and are protected under law. This website is not affiliated with, sponsored by, or operated by Jeopardy Productions, Inc. Join the discussion at JBoard.tv.